000 04999cam a22012374i 4500
003 PE-LiUPU
005 20250813185547.0
008 150706s2003 sp a r 000 0 spa d
020 _a8478694234
035 _a(Sirsi) i9788478694235
040 _aPE-LiUPU
_bspa
_cPE-LiUPU
_erda
049 _aPRUA
082 0 4 _a371.912
_bD
_221
245 0 1 _aDeficiencia auditiva :
_bevaluación, intervención y recursos psicopedagógicos /
_ccoordinadores, Manuel G. Jiménez Torres, Manuel López Sánchez .
264 1 _aMadrid :
_bCEPE,
_c[2003] .
300 _a336 páginas :
_bilustraciones, gráficos ;
_c27 centímetros.
336 _atext
_2rdacontent
337 _aunmediated
_2rdamedia
338 _avolume
_2rdacarrier
490 0 _aColección Propuestas curriculares ;
_v11
500 _a"De la teoría a la práctica"--Cub.
505 0 _aAspectos clínicos de la audición -- Anatomía-Fisiología de la audición -- Etiología y patología auditivas -- Clasificaciones de las deficiencias auditivas aspectos audiológicos -- Desarrollo de los sujetos con déficit auditivo -- El desarrollo comunicativo lingüístico -- Desarrollo conjuntivo -- Desarrollo afectivo social -- Evaluación psicopedagógica del alumno con deficiencia Auditiva -- La evaluación psicológica del deficiente auditivo -- La evaluación de la competencia curricular, del estilo de aprendizaje y contexto escolar -- Evaluación de contexto socio-familiar -- Evaluación e intervención comunicativo-Lingüística -- Evaluación de la voz de los aspectos fonético-fonológicos -- Evaluación morfosintáctica -- Recursos didáctico y tecnológicos al servicios de la deficiencias auditivas Prótesis auditivas aros magnéticos FM,. SUVAG implantes Cocleares -- La tarjeta de visualización de habla VISHA -- Algunos enfoques de intervención en sujetos con deficiencia auditiva -- El método verbo tonal -- El método bimodal -- Lengua española los signos y educación bilingüe -- La palabra complementada: su aportación al desarrollo del lenguaje oral y escrito en los sordos profundos -- Atención temprana del bebe sordo -- Intervención logopédica en niños tras el implante coclear -- Aspectos didácticos-organizativos para la escolarización del deficiente auditivo -- Modales de escolarización tipos de centros -- La acción tutorial en la deficiencia auditiva -- Funciones y competencias de os distintos especialistas que intervienen en la atención educativa de los sujetos con déficit auditivo -- Necesidades educativas específicas del deficiente auditivo -- Las adaptaciones curriculares de los alumnos con discapacidad auditiva, aspectos generales -- Las adaptaciones curriculares individuales de os alumnos con discapacidad auditiva.
526 _aP202
526 _aP201
526 _aP163
526 _aP162
526 _aP161
526 _aP160
526 _aP148
526 _aP147
526 _aP146
526 _aP145
526 _aP144
526 _aP143
526 _aP142
526 _aP141
526 _aP140
526 _aP139
526 _aP138
526 _aP137
526 _aP136
526 _aP135
526 _aP134
526 _aP133
526 _aP129
526 _aP128
526 _aP127
526 _aP120
526 _aP119
526 _aP118
526 _aP116
526 _aP115
526 _aP114
526 _aP110
526 _aP109
526 _aP108
526 _aP104
526 _aP103
526 _aP102
526 _aP99
526 _aP98
526 _aP97
526 _aP96
526 _aP95
526 _aP93
526 _aP90
526 _aP89
526 _aP88
526 _aP83
526 _aP82
526 _aP62
526 _aP59
526 _aP58
526 _aP57
526 _aP51
526 _aP49
526 _aP48
526 _aP47
526 _aP29
526 _aP24
526 _aP20
526 _aP19
526 _aP17
526 _aP15
526 _aP14
526 _aP12
526 _aP10
526 _aP09
526 _aP08
526 _aP07
526 _aP06
526 _aP05
526 _aP04
526 _aP01
541 _g001-000817;
650 0 4 _aAudición
_xTrastornos en niños.
650 0 4 _aLogopedia infantil .
700 1 _aJiménez Torres, Manuel G.,
_ecoord.
700 1 _aLópez Sánchez, Manuel1957- ,
_ecoord.
910 _agl20090826
942 _2ddc
_cBOOK
949 _a371.912 D
_wDEWEY
_c1
_i60182
_d2015-11-12
_e2015-11-12
_lCCODEBUL1
_mBUL
_n3
_p70.00
_r0
_sY
_tBOOK
_u2015-7-6
_xSALUD
_PP33
_0COMPRA
_o.STAFF. Colección General
994 _aC0
_bPEPRU
596 _a1
999 _a371.912 D
_wDEWEY
_c49665
_i60182
_d49665
_e2019-6-9
_f2021-11-8
_g5
_lCCODEBUL1
_mBUL
_n4
_p70.00
_q1
_r0
_sY
_tBOOK
_u2015-7-6
_xEDUCACION
_PP33
_0COMPRA
_o.STAFF. Colección Ciencias de la Salud
980 _81
_gALBERTO SANCHEZ Responsable de Automatización